000
00279nam a22001217a 4500
008
171102b xxu||||| |||| 00| 0 eng d
041
_a
eng
080
_a
530.14
100
_a
59
101
_a
KAP
245
_a
CAPITAL IN THE TWENTY-FIRST CENTURY
_c
PIKETTY, TH
942
_2
udc
_c
BK
999
_c
37158
_d
37158